<?xml version="1.0" encoding="UTF-8"?>
<record
    xmlns:xsi="http://www.w3.org/2001/XMLSchema-instance"
    xsi:schemaLocation="http://www.loc.gov/MARC21/slim http://www.loc.gov/standards/marcxml/schema/MARC21slim.xsd"
    xmlns="http://www.loc.gov/MARC21/slim">

  <leader>01908cam a2200217   4500500</leader>
  <controlfield tag="005">20260322011823.0</controlfield>
  <datafield tag="041" ind1=" " ind2=" ">
    <subfield code="a">fre</subfield>
  </datafield>
  <datafield tag="042" ind1=" " ind2=" ">
    <subfield code="a">dc</subfield>
  </datafield>
  <datafield tag="100" ind1="1" ind2="0">
    <subfield code="a">de Guglielmo Weber, Marine</subfield>
    <subfield code="e">author</subfield>
  </datafield>
  <datafield tag="245" ind1="0" ind2="0">
    <subfield code="a">From Securitization to Normalization: The Politics of Climate Engineering</subfield>
  </datafield>
  <datafield tag="260" ind1=" " ind2=" ">
    <subfield code="c">2025.
							</subfield>
  </datafield>
  <datafield tag="500" ind1=" " ind2=" ">
    <subfield code="a">9</subfield>
  </datafield>
  <datafield tag="520" ind1=" " ind2=" ">
    <subfield code="a">This presentation will explore the intricate relationship between climate engineering techniques and the securitization of climate change, focusing on how framing climate change as a security threat contributes to the normalization of geoengineering approaches such as solar radiation management and carbon dioxide removal. Through key examples, the discussion will examine how the urgency created by securitization narratives has legitimized the development, testing, and, in some cases, deployment of these technologies. This framing often bypasses traditional democratic scrutiny, raising questions about the conditions under which such normalization occurs. The presentation will delve into the dynamics by which securitization accelerates the acceptance of these controversial techniques as viable solutions to climate risks. By investigating these processes, the talk will shed light on the implications of this securitization-normalization nexus for public discourse, policy-making, and the governance of climate interventions. It invites critical reflection on how such narratives shape the trajectory of climate engineering in geopolitical contexts.</subfield>
  </datafield>
  <datafield tag="690" ind1=" " ind2=" ">
    <subfield code="a">Climate Engineering</subfield>
  </datafield>
  <datafield tag="690" ind1=" " ind2=" ">
    <subfield code="a">Geoengineering Governance</subfield>
  </datafield>
  <datafield tag="690" ind1=" " ind2=" ">
    <subfield code="a">Normalization Processes</subfield>
  </datafield>
  <datafield tag="690" ind1=" " ind2=" ">
    <subfield code="a">Securitization of Climate Change</subfield>
  </datafield>
  <datafield tag="690" ind1=" " ind2=" ">
    <subfield code="a">Solar Radiation Management &amp;amp; Carbon Removal</subfield>
  </datafield>
  <datafield tag="786" ind1="0" ind2=" ">
    <subfield code="n">Innovations | hors-s&#xE9;rie | HS1 | 2025-10-10 | p. 9-9 | 1267-4982</subfield>
  </datafield>
  <datafield tag="856" ind1="4" ind2="1">
    <subfield code="u">https://shs.cairn.info/journal-innovations-2025-HS1-page-9?lang=en&amp;redirect-ssocas=7080</subfield>
  </datafield>
  <datafield tag="999" ind1=" " ind2=" ">
    <subfield code="c">1767778</subfield>
    <subfield code="d">1767777</subfield>
  </datafield>
</record>
